000 00433nam a22001337a 4500
040 _cNUST
082 _a220 PRO
100 _aAbid Ateeq Muhammad Jawad Ur Rehman
_986197
110 _aProject Supervisor Asst. Prof. Dr. Sarmad Majeed Malik
_986198
245 _aPR-SOF-2071-Gesture Based Automated Multifunction Bed (GAM-B)
260 _aISLAMABAD:
_bNUST COLLEGE OF EME,
_c2021.
650 _aDE-ELECT-39
_986199
942 _2ddc
_cPR
999 _c587254
_d587254